[Event "Moscow op-E"]
[Site "Moscow"]
[Date "2011.02.06"]
[Round "9.102"]
[White "Shahinyan, David"]
[Black "Seliverstov, Vitaliy"]
[Result "1-0"]
[WhiteElo "2271"]
[BlackElo "2090"]
[PlyCount "41"]
[EventDate "2011.01.29"]
[EventType "swiss"]
[EventRounds "9"]
[EventCountry "RUS"]
[SourceTitle "EXT 2022"]
[Source "ChessBase"]
[SourceDate "2021.10.06"]
[SourceVersion "1"]
[SourceVersionDate "2021.10.06"]
[SourceQuality "1"]

1. e4 e5 2. Bc4 Nf6 3. d4 Nxe4 4. dxe5 Nc5 5. Nf3 Be7 6. 0-0 0-0 7. Bf4 Nc6 8. Nc3 Ne6 9. Bg3 a6 10. Ne4 b5 11. Bd5 Bb7 12. Qd2 h6 13. Rad1 Nc5 14. Rfe1 Nxe4 15. Bxe4 Bc5 16. Qxd7 Qxd7 17. Rxd7 Bb6 18. e6 Rad8 19. exf7+ Rxf7 20. Rxf7 Kxf7 21. Bxc6 1-0